000 00580nam a2200193 a 4500
001 18675
003 CO-ViMGA
008 141112s2004 ck r 000 u spa d
020 _a8480635193
040 _aCO-ViMGA
_bspa
_cCO-ViMGA
082 0 4 _a371.214 G817c
100 1 _aGuarro Pallás, Amador
_926601
245 1 0 _aCurriculum y democracia . Por un cambio de la cultura escolar
260 _aBarcelona (España),
_cOctaedro,
_c2002
300 _a221.p.
590 _aForma de adquisición : Premio - Mincultura
650 1 4 _aENSEÑANZA - PROGRAMACION
_926602
942 _2ddc
_cBK
999 _c27925
_d27925